MLB MVPs Sudden Death - Statistics

General Stats
  • This quiz has been taken 228 times
  • The average score is 6 of 16
Answers on the Grid
Answers color-coded by a green-red scale on the quiz's grid according to % correct below.
Babe Ruth
Jose Canseco
Derek Jeter
David Ortiz
Mickey Mantle
Rafael Devers
Manny Ramirez
Josh Donaldson
Brent Rooker
Paul Goldschmidt
Jarren Duran
Aaron Judge
Andrew Vaughn
Mark McGwire
Sammy Sosa
Barry Bonds
Willie McCovey
Willie Mays
Gary Sanchez
Adrian Beltre
Shohei Ohtani
Ronald Acuna Jr.
Mike Piazza
Mel Ott
Jim Thome
Willie Hernandez
Vida Blue
Ceddanne Rafaela
Ken Caminiti
Bobby Witt Jr.
Justin Morneau
Ketel Marte
 
Answer Stats
Answer % Correct
Babe Ruth
85%
Mickey Mantle
66%
Aaron Judge
56%
Shohei Ohtani
55%
Barry Bonds
48%
Willie Mays
45%
Paul Goldschmidt
40%
Ronald Acuna Jr.
40%
Jose Canseco
38%
Josh Donaldson
37%
Sammy Sosa
29%
Justin Morneau
22%
Willie McCovey
18%
Ken Caminiti
13%
Vida Blue
12%
Willie Hernandez
11%
No matching quizzes found
Score Distribution
Percent of People with Each Score
Percentile by Number Answered
Your Score History
You have not taken this quiz